عرض عادي
عرض مارك
- Murray, Douglas,
مدخل إسم شخص
001 - رقم الضبط
- حقل الضبط: 7826
003 - معرف رقم الضبط
- حقل الضبط: OSt
005 - تاريخ ووقت أخر عملية
- حقل الضبط: 20111213102801.0
008 - عناصر بيانات ثابتة الطول
- حقل تحكم ثابت الطول: 111213|||a|||||| | ||| d
040 ## - مصدر الفهرسة
- هيئة الفهرسة الأصلية: OSt
- وكالة الكتابة: OSt
100 ## - مدخل -- أسم شخص
- إسم شخص: Murray, Douglas,
- تواريخ مرتبطة بالاسم: 1951-
670 ## - بيانات المصدر موجوده
- الاستشهاد بالمصدر: Work cat.: (OSt)0: Austen, Jane, 1775-1817., Catharine and other writings /, [2009]
